Music Quiz

Random Music or Song Quiz

Rihanna Songs Quiz Stats

 Plays Quiz Updated Mar 1, 2016

Challenge
Share
Tweet
Embed
Score 0/99 Timer 07:00
2 Plays Today
% Correct
Umbrella
80.8%
Work
74.6%
Diamonds
68.9%
Pon De Replay
68.6%
Only Girl (in the World)
66.7%
S&M
65.8%
Talk That Talk
62.7%
Rude Boy
62.6%
S.O.S (Rescue Me)
61.6%
We Found Love
61.3%
Stay
61.1%
What's My Name?
60.3%
Unfaithful
55.9%
Shut Up and Drive
55.9%
California King Bed
54.1%
Needed Me
54.1%
Russian Roulette
53%
Love on the Brain
53%
Don't Stop the Music
51.9%
Where Have You Been
51.8%
Kiss It Better
51.1%
Love the Way You Lie (Part II)
48%
Man Down
47.8%
Good Girl Gone Bad
46.7%
Hard
46.2%
You da One
45.5%
Cheers (Drink to That)
44.8%
Pour It Up
44.5%
Birthday Cake
44.2%
What Now
43.4%
Consideration
42.7%
Rehab
42.7%
Desperado
40.7%
% Correct
Te Amo
38.9%
James Joint
38%
A Girl Like Me
37.4%
Hate That I Love You
37.1%
Music of the Sun
36.3%
Woo
35%
Cockiness (Love It)
34.8%
Higher
34.7%
Right Now
34.2%
Breakin' Dishes
33%
Loveeeeeee Song
32.8%
Skin
32.3%
Raining Men
31.8%
Numb
31.7%
Jump
31.6%
If It's Lovin That You Want
31.6%
ROCKSTAR 101
31%
We Ride
30.5%
Close to You
30.5%
Complicated
30.2%
Same Ol' Mistakes
30%
Fading
29.1%
Phresh Out the Runway
28.8%
Wait Your Turn
28.3%
Drunk on Love
27.7%
Love Without Tragedy / Mother Mary
27.2%
Yeah, I Said It
27.2%
Nobody's Business
27.1%
Farewell
27.1%
Mad House
26.8%
Never Ending
26.3%
Roc Me Out
24.8%
Fire Bomb
23.8%
% Correct
G4L
23.6%
Cold Case Love
23.5%
Lost in Paradise
23.5%
Photographs
23.5%
No Love Allowed
23.3%
We All Want Love
23%
Sell Me Candy
22.9%
Break It Off
22.8%
Stupid in Love
22.8%
Watch n' Learn
22.4%
The Last Song
22.3%
Push Up On Me
21.2%
Get It Over With
19%
Question Existing
18.2%
If It's Lovin That You Want (Part 2)
17.3%
Lemme Get That
17.2%
Say It
16.9%
Let Me
16.8%
P.S. (I'm Still Not Over You)
16.1%
Kisses Don't Lie
16%
That La, La, La
14.3%
Dem Haters
14.1%
There's a Thug in My Life
13.7%
A Million Miles Away
13.7%
Here I Go Again
12.8%
You Don't Love Me (No No No)
12.8%
Final Goodbye
12.7%
Rush
12.6%
Selfish Girl
11.5%
The Last Time
11.2%
Crazy Little Thing Called Love
11.1%
Now I Know
10.7%
Willing to Wait
10.5%

You're not logged in!

Compare scores with friends on all Sporcle quizzes.
Join for Free
OR
Log In

You Might Also Like...

Show Comments

Extras

Top Quizzes Today


Score Distribution

Your Account Isn't Verified!

In order to create a playlist on Sporcle, you need to verify the email address you used during registration. Go to your Sporcle Settings to finish the process.

Report this User

Report this user for behavior that violates our Community Guidelines.

Details: